Bollettino emerografico di economia internazionale (Registro nro. 8843)

Detalles MARC
000 -LEADER
fixed length control field 00855nas a2200229 454500
001 - CONTROL NUMBER
control field 39545
005 - DATE AND TIME OF LATEST TRANSACTION
control field 20260407193510.0
008 - FIXED-LENGTH DATA ELEMENTS--GENERAL INFORMATION
fixed length control field 260407s1948####ag###########|||spa#d
003 - CONTROL NUMBER IDENTIFIER
control field AR-UNSa-BCEJYS
040 ## - CATALOGING SOURCE
Original cataloging agency AR-UNSa-BCEJYS
Language of cataloging spa
Transcribing agency AR-UNSa-BCEJYS
080 ## - UNIVERSAL DECIMAL CLASSIFICATION NUMBER
Universal Decimal Classification number 339.9
Common auxiliary subdivision Economía internacional en general. Relaciones económicas internacionales. Economía mundial
022 ## - INTERNATIONAL STANDARD SERIAL NUMBER
International Standard Serial Number 0006-680X
041 ## - LANGUAGE CODE
Language code of text/sound track or separate title spa
100 1# - MAIN ENTRY--PERSONAL NAME
Personal name Istituto di Economia Internazionale
245 10 - TITLE STATEMENT
Title Bollettino emerografico di economia internazionale
264 #1 - PRODUCTION, PUBLICATION, DISTRIBUTION, MANUFACTURE, AND COPYRIGHT NOTICE
Place of production, publication, distribution, manufacture Genova :
Name of producer, publisher, distributor, manufacturer Camera di Commercio, Industria, Artigianato e Agricoltura
Date of production, publication, distribution, manufacture, or copyright notice 1948
310 ## - CURRENT PUBLICATION FREQUENCY
Current publication frequency Frecuencia: Trimestral
590 ## - LOCAL NOTE (RLIN)
Local note niveau_biblio:s niveau_hierar:1
650 ## - SUBJECT ADDED ENTRY--TOPICAL TERM
Topical term or geographic name entry element ECONOMIA INTERNACIONAL
856 41 - ELECTRONIC LOCATION AND ACCESS
Uniform Resource Identifier <a href="https://biblioeco.unsa.edu.ar/pmb/images/revistas/R20370.jpg">https://biblioeco.unsa.edu.ar/pmb/images/revistas/R20370.jpg</a>
Link text Imagen de portada
Electronic format type image/jpeg
942 ## - ADDED ENTRY ELEMENTS (KOHA)
Koha item type
Existencias
Withdrawn status Lost status Damaged status Not for loan Home library Current library Shelving location Date acquired Serial enumeration / chronology Total checkouts Full call number Barcode Date last seen Price effective from Koha item type
        Biblioteca Prof. Eusebio Cleto del Rey Biblioteca Prof. Eusebio Cleto del Rey   01/11/1977 Vol. 30, Nº 4 - nov. 1977   H339.9 EME v30.n4 R20370 10/04/2026 10/04/2026 Numero
        Biblioteca Prof. Eusebio Cleto del Rey Biblioteca Prof. Eusebio Cleto del Rey   01/05/1977 Vol. 30, Nº 2/3 - mayo/ago. 1977   H339.9 EME v30.n2/3 R20369 10/04/2026 10/04/2026 Numero
        Biblioteca Prof. Eusebio Cleto del Rey Biblioteca Prof. Eusebio Cleto del Rey   01/02/1977 Vol. 30, Nº 1 - feb. 1977   H339.9 EME v30.n1 R20368 10/04/2026 10/04/2026 Numero
        Biblioteca Prof. Eusebio Cleto del Rey Biblioteca Prof. Eusebio Cleto del Rey   01/08/1976 Vol. 29, Nº 3/4 - ago./nov. 1976   H339.9 EME v29.n3/4 R20366 10/04/2026 10/04/2026 Numero
        Biblioteca Prof. Eusebio Cleto del Rey Biblioteca Prof. Eusebio Cleto del Rey   01/08/1976 Vol. 29, Nº 3/4 - ago./nov. 1976   H339.9 EME v29.n3/4 Ej.2 R20367 10/04/2026 10/04/2026 Numero
        Biblioteca Prof. Eusebio Cleto del Rey Biblioteca Prof. Eusebio Cleto del Rey   01/02/1976 Vol. 29, Nº 1/2 - feb./mar. 1976   H339.9 EME v29.n1/2 R20359 10/04/2026 10/04/2026 Numero